<?xml version="1.0" encoding="UTF-8"?>
<collection xmlns:xsi="http://www.w3.org/2001/XMLSchema-instance" xsi:schemaLocation="http://www.loc.gov/MARC21/slim http://www.loc.gov/standards/marcxml/schema/MARC21slim.xsd" xmlns="http://www.loc.gov/MARC21/slim">
 <record>
  <leader>00000ctm a22000003a 4500</leader>
  <controlfield tag="001">UP-99796217608257368</controlfield>
  <controlfield tag="003">Buklod</controlfield>
  <controlfield tag="005">20080213143843.0</controlfield>
  <controlfield tag="006">a     r    |||| u|</controlfield>
  <controlfield tag="007">ta</controlfield>
  <controlfield tag="008">080213s1979    xx     d     r    |||| u|</controlfield>
  <datafield tag="035" ind1=" " ind2=" ">
   <subfield code="a">(iLib)UPD-00004270296</subfield>
  </datafield>
  <datafield tag="040" ind1=" " ind2=" ">
   <subfield code="a">dche</subfield>
  </datafield>
  <datafield tag="041" ind1=" " ind2=" ">
   <subfield code="a">eng</subfield>
  </datafield>
  <datafield tag="090" ind1=" " ind2=" ">
   <subfield code="a">LG 993.5 1979 F66</subfield>
   <subfield code="b">D48</subfield>
  </datafield>
  <datafield tag="100" ind1="1" ind2=" ">
   <subfield code="a">De Veas, Evelyn L.</subfield>
  </datafield>
  <datafield tag="245" ind1="0" ind2="0">
   <subfield code="a">Evaluation of the keeping quality of two types of smoked galonggong (Decapterus Macrosoma)</subfield>
   <subfield code="c">Evelyn L. de Veas ; Estrella F. Alabastro, adviser.</subfield>
  </datafield>
  <datafield tag="264" ind1=" " ind2="1">
   <subfield code="c">1979.</subfield>
  </datafield>
  <datafield tag="300" ind1=" " ind2=" ">
   <subfield code="a">120 leaves</subfield>
  </datafield>
  <datafield tag="500" ind1=" " ind2=" ">
   <subfield code="a">Thesis (BSFT)--University of the Philippines Diliman</subfield>
  </datafield>
  <datafield tag="520" ind1=" " ind2=" ">
   <subfield code="a">The keeping quality of two types of smoked galonggong (Decapterus macrosoma) was evaluated bu following up the changes taking place in them from day to day of storage. Sample A was smoked for 80-98 minutes while Sample B was smoked for 48-60 minutes. From the day that the samples were smoked until the fifth day of storage, their moisture contents were taken. They were tested chemically by getting their total volatile nitrogen contents and their peroxide values. They were assessed microbiologically by getting their bacterial counts and yeasts and molds count. Their organoleptic characteristics were also evaluated. The salt contents of the samples were obtained on the day that they were smoked. Sample A had an average salt content of 3.71% while that of Sample B was 3.37%. The moisture contents of the samples decreased with storage time. For sample A, the moisture content decreased from 52.65% to 49.08%, while for Sample B, the moisture content changed from 53.34% to 45.74%. The total volatile nitrogen content of both samples increased with storage time. Sample A's initial TVN content of 34.30% mg%N increased to 50.22 mg%N. For Sample B, the TVN value was changed from 38.44 to 45.90 mg%N. The peroxide value of Sample A changed from 6.05 to 6.70 mg/kg fat, while that of Sample B increased from 6.44 to 9.04 mg/kg fat. The microbiological examination revealed that for Sample A, the bacterial count changed from 1.22 to 10.60x10^5/g sample while its yeasts and molds count changed from 0.24 to 6.27x10^5/g sample. For Sample B, the bacterial count of 1.11x10^5/g sample became 5.60x10^5/g sample. Its yeasts and molds count was 1.11 to 2.04x10^5/g sample. The organoleptic tests showed that for Sample A and B there were no significant differences in color, odor, succulence, texture, flavor, and general acceptability from the day that the fish was smoked until the fifth day of storage.</subfield>
  </datafield>
  <datafield tag="650" ind1="1" ind2="7">
   <subfield code="a">Fish, Smoked.</subfield>
  </datafield>
  <datafield tag="650" ind1="1" ind2="7">
   <subfield code="a">Fishes</subfield>
   <subfield code="z">Philippines.</subfield>
  </datafield>
  <datafield tag="700" ind1="1" ind2=" ">
   <subfield code="a">Alabastro, Estrella F.</subfield>
  </datafield>
  <datafield tag="905" ind1=" " ind2=" ">
   <subfield code="a">UPIANA</subfield>
  </datafield>
  <datafield tag="852" ind1="0" ind2=" ">
   <subfield code="a">UPD</subfield>
   <subfield code="b">DCHE</subfield>
   <subfield code="h">LG 993.5 1979 F66</subfield>
   <subfield code="i">D48</subfield>
  </datafield>
  <datafield tag="942" ind1=" " ind2=" ">
   <subfield code="a">Thesis</subfield>
  </datafield>
 </record>
</collection>
